Les plus gros transferts du football - Défenseurs centraux - Statistiques

Statistiques générales
  • Ce quiz a été pris 117 fois
  • Le résultat moyen est 9 sur 10
Statistiques - réponses
Montant de transfert (M €) Saison Nationalité Venant de Allant à Joueur % Correct
84,65 2017-2018 Pays-Bas Southampton Liverpool Virgil van Dijk
94%
87,00 2019-2020 Angleterre Leicester City Manchester United Harry Maguire
93%
90,00 2023-2024 Croatie RB Leipzig Manchester City Josko Gvardiol
93%
85,50 2019-2020 Pays-Bas Ajax Juventus Turin Matthijs de Ligt
93%
67,00 2022-2023 Pays-Bas Juventus Turin Bayern Munich Matthijs de Ligt
93%
65,00 2017-2018 France / Espagne Athletic Manchester City Aymeric Laporte
92%
71,60 2020-2021 Portugal Benfica Manchester City Rúben Dias
92%
80,40 2022-2023 France Leicester City Chelsea Wesley Fofana
87%
55,60 2016-2017 Angleterre FC Everton Manchester City John Stones
74%
57,37 2022-2023 Argentine Ajax Manchester United Lisandro Martínez
73%
Aucun quiz correspondant
Distribution des résultats
% des personnes avec chaque résultat
Percentile par nombre de réponses
Votre historique - résultats
Vous n’avez pas pris ce quiz